[Event "Faxe EMT"]
[Site "Faxe"]
[Date "2005.04.20"]
[Round "4"]
[White "Hansen, Arne Mandrup"]
[Black "Nielsen, Johannes"]
[Result "1-0"]
[WhiteElo "1296"]
[BlackElo "1057"]
[PlyCount "83"]
[EventDate "2005.03.30"]
[EventType "swiss"]
[EventRounds "7"]
[EventCountry "DEN"]
[SourceTitle "EXT 2023"]
[Source "ChessBase"]
[SourceDate "2022.10.05"]
[SourceVersion "1"]
[SourceVersionDate "2022.10.05"]
[SourceQuality "1"]

1. d4 d5 2. Bf4 e6 3. e3 Nf6 4. Nf3 Nc6 5. c3 a6 6. h3 h6 7. Nbd2 Be7 8. Bd3 Bd6 9. Bxd6 Qxd6 10. 0-0 0-0 11. Re1 Re8 12. Nf1 b5 13. N3h2 Bb7 14. Ng3 Ne7 15. e4 dxe4 16. Nxe4 Nxe4 17. Bxe4 c6 18. Qc2 Rf8 19. Bf3 Rae8 20. Re2 Bc8 21. Rae1 Ng6 22. g3 f5 23. Bg2 Rf6 24. Nf3 Kf7 25. Ne5+ Kg8 26. Nxc6 f4 27. Ne5 Qb8 28. Bh1 Nxe5 29. Rxe5 fxg3 30. fxg3 Bb7 31. Qe2 Bxh1 32. Kxh1 Qd6 33. Qg2 Ref8 34. Kg1 Qd5 35. Rxd5 exd5 36. Qxd5+ Kh8 37. Qg2 g5 38. b3 Rg8 39. c4 bxc4 40. bxc4 Rc8 41. c5 Kg7 42. Qb7+ 1-0

[Event "Faxe EMT"]
[Site "Faxe"]
[Date "2001.04.04"]
[Round "3"]
[White "Nielsen, Johannes"]
[Black "Hansen, Erik Friberg"]
[Result "1/2-1/2"]
[WhiteElo "1300"]
[BlackElo "1119"]
[PlyCount "78"]
[EventDate "2001.03.21"]
[EventType "swiss"]
[EventRounds "7"]
[EventCountry "DEN"]
[SourceTitle "EXT 2023"]
[Source "ChessBase"]
[SourceDate "2022.10.05"]
[SourceVersion "1"]
[SourceVersionDate "2022.10.05"]
[SourceQuality "1"]

1. e4 e5 2. Nf3 Nc6 3. d4 exd4 4. Nxd4 Nf6 5. f3 Bc5 6. c3 0-0 7. b4 Bxd4 8. cxd4 Nxb4 9. Ba3 a5 10. Be2 Re8 11. 0-0 d6 12. Nd2 c6 13. Bb2 Be6 14. a3 Na6 15. Rc1 Nc7 16. h3 Nh5 17. f4 Ng3 18. Rf3 Nxe2+ 19. Qxe2 f5 20. Qf2 fxe4 21. Re3 d5 22. Nb3 Qc8 23. Qg3 Bf5 24. a4 Re6 25. Rc2 Rg6 26. Qh2 Qd8 27. g4 Qh4 28. Qg3 Qxg3+ 29. Rxg3 Bd7 30. Rcg2 Rf6 31. f5 b6 32. Bc1 h6 33. g5 Rxf5 34. gxh6 Kh7 35. Rxg7+ Kh8 36. Rxd7 Ne8 37. h7 Nf6 38. Rdg7 Nxh7 39. h4 Raf8 1/2-1/2